Library Logo

نصاب الصبیان / (Record no. 231844)

000 -LEADER
fixed length control field 00554nam a22001697a 4500
003 - CONTROL NUMBER IDENTIFIER
control field BD-DhUL
005 - DATE AND TIME OF LATEST TRANSACTION
control field 20171108153050.0
008 - FIXED-LENGTH DATA ELEMENTS--GENERAL INFORMATION
fixed length control field 171108s1923 gw ||||| |||| 00| 0 per d
040 ## - CATALOGING SOURCE
Original cataloging agency BD-DhUL
Transcribing agency BD-DhUL
082 ## - DEWEY DECIMAL CLASSIFICATION NUMBER
Classification number 891.551
Item number BAN
100 1# - MAIN ENTRY--PERSONAL NAME
Personal name بدر الدین فراھی، ابو نصر محمد
245 0# - TITLE STATEMENT
Title نصاب الصبیان /
Statement of responsibility, etc. ابو نصر محمد بدر الدین فراھی
260 ## - PUBLICATION, DISTRIBUTION, ETC. (IMPRINT)
Place of publication, distribution, etc. برلین :
Name of publisher, distributor, etc. چاپخانه شرکت،،
Date of publication, distribution, etc. ۔۱۹۲۳
300 ## - PHYSICAL DESCRIPTION
Extent ص۔ ۶۹ ؛
Dimensions ۲۴ سم۔
650 0# - SUBJECT ADDED ENTRY--TOPICAL TERM
Topical term or geographic name as entry element Persian poetry
942 ## - ADDED ENTRY ELEMENTS (KOHA)
Source of classification or shelving scheme
Koha item type Books
Holdings
Price effective from Date last seen Permanent Location Not for loan Date acquired Source of classification or shelving scheme Koha item type Lost status Withdrawn status Copy number Source of acquisition Collection code Damaged status Shelving location Barcode Current Location Full call number
2017-11-082017-11-08Dhaka University Library 2017-11-08 Books  1purchasedNon Fiction General Stacks23458Dhaka University Library891.551 BAN
Last Updated on September 15, 2019
© Dhaka University Library. All Rights Reserved|Staff Login